000
00315pam a2200133 a 4500
020
_c
041
_h
082
_a
743.8
_b
PIN
100
_a
Polly Pinder.
245
_a
How to Draw Birds in Simple Steps
_h
Textual Documents
260
_a
[s.l]:
_b
Search Press.,
_c
2015.
300
_a
32:
_b
paper.
930
_a
7961
999
_c
241751
_d
241751